| 000 | 00688cam a22002051 4500 | ||
|---|---|---|---|
| 001 | pa 62000001 | ||
| 003 | DLC | ||
| 005 | 20260227111855.0 | ||
| 008 | 770819s1961 dcu br 000 0 eng c | ||
| 010 | _apa 62000001 | ||
| 035 | _a(OCoLC)3201388 | ||
| 040 |
_aPan American Union. Library _cTNJ _dDLC |
||
| 042 | _apremarc | ||
| 050 | 0 | 0 |
_aHE230.A1 _bW6 |
| 110 | 2 | _aWork Saving International. | |
| 245 | 0 | 2 |
_aA guide to institutions in the Washington, D.C.-New York area _bcontaining bibliographical references on transportation in Latin America. |
| 260 |
_aWashington, _bPan American Union, _c1961. |
||
| 300 |
_a108 p. _c22 cm. |
||
| 650 | 0 |
_aTransportation _zLatin America _vDirectories. |
|
| 999 |
_c51486 _d51486 |
||